LEADER 01430nam a2200289 i 4500 001 000000225026 003 CaOOAMICUS 005 20131118000000.0 008 131118s1985 xx u000 u ger u 013 $a203924 020 $a3-459-01611-6 040 $aSeMil$bita 100 1 $aWintzer, Friedrich.$0(OLS)http://semarc/name/77930 245 10$aSeelsorge :$bTexte zum gewandelten Verständnis und zur Praxis der Seelsorge in der Neuzeit /$chrsg. und eingefürt von Friedrich Wintzer. 260 $aMünchen :$bChr. Kaiser,$c1985. 300 $aL, 251 p. ;$c21 cm. 490 0 $aTheologische Bücherei : Neudrucke und Berichte aus dem 20. Jahrhundert ;$v61. Praktische Theologie 650 4$aPastorale vocazionale.$0(OLS)http://semarc/subject/5593 650 4$aPastorale - Guide.$0(OLS)http://semarc/subject/10512 650 4$aPastorale - Sec. 20.-21.$0(OLS)http://semarc/subject/41016 830 0$aTheologische Bücherei ;$v61. Praktische Theologie.$0(OLS)http://semarc/title/322 850 $aSeMil 852 $aSeMil$W1$xVenegono$y1$m2B II 505$j175372$B175372$CSeMilBibl$Z2$F186009 $81 961 $aOmaggio: Bressan don Luca 996 $6020$a3-459-01611-6$9(OLS)http://semarc/number/225782 996 $6245$aSeelsorge :$bTexte zum gewandelten Verständnis und zur Praxis der Seelsorge in der Neuzeit$9(OLS)http://semarc/title/322390 996 $6260$aMünchen :$bChr. Kaiser$9(OLS)http://semarc/publisher/29737 LEADER 01545nam a2200313 i 4500 001 000000111203 003 CaOOAMICUS 005 20091020000000.0 008 091020s1993 it u000 u ita u 013 $a83885 020 $a88-10-20325-9 040 $aSeMil$bita 245 10$aLegalità e solidarietà in un'Europa interculturale /$ca cura di Luciano Baronio. 260 $aBologna :$bEDB,$ccopyr. 1993. 300 $a228 p. ;$c22 cm. 490 0 $aFede e annuncio : per un aggiornamento teologico e pastorale della predicazione ;$v28 500 $aIn Appendice : Statuto della Commissione ecclesiale «Giustizia e pace» della CEI. - In testa al front. : Commissione Ecclesiale Giustizia e pace della CEI. - Fondo Card. C.M. Martini. 650 4$aChiesa e società - Europa - Sec. 20.$0(OLS)http://semarc/subject/19869 650 4$aCristianesimo e cultura - Sec. 20.$0(OLS)http://semarc/subject/8157 700 1 $aBaronio, Luciano.$0(OLS)http://semarc/name/44636 710 0 $aCommissione ecclesiale Giustizia e pace.$0(OLS)http://semarc/name/46614 830 0$aFede e annuncio ;$v28.$0(OLS)http://semarc/title/11026 850 $aSeMil 852 $aSeMil$W1$xVenegono$y1$m2F I 58$j67038$B67038$CSeMilBibl$Z2$F93333 $81 941 1 $a4 961 $aOmaggio: Martini Card. Carlo Maria 996 $6020$a88-10-20325-9$9(OLS)http://semarc/number/93270 996 $6245$aLegalità e solidarietà in un'Europa interculturale$9(OLS)http://semarc/title/161796 996 $6260$aBologna :$bEDB$9(OLS)http://semarc/publisher/29669 LEADER 00746naa a2200169 i 4500 001 000000307395 003 CaOOAMICUS 005 20180831172915.0 008 180831n it u000 u ita u 013 $a16102 040 $aSeMil$bita 100 1 $aMarabelli, Costante,$d<1953- >.$0(OLS)http://semarc/name/283 245 10$aAgostino maestro di metodo teologico. 650 4$aTeologia - Metodo.$0(OLS)http://semarc/subject/941 650 4$aAgostino, Aurelio - Pensiero teologico.$0(OLS)http://semarc/subject/3256 773 0 $tFondamenti e inizi.$dRoma : Città Nuova, 2009.$kDi fronte e attraverso$z978-88-311-1051-8$z978-88-16-40904-0$gp.35-86$w()185476 996 $6245$aAgostino maestro di metodo teologico$9(OLS)http://semarc/title/382763